000
00328 a2200145 4500
001
151822
040
_c
Escola São Tomás de Aquino
100
_a
CERVANTES, Miguel de
240
1
0
_a
Dom Quixote
_l
por
245
1
0
_a
Dom Quixote
362
0
_a
1999
440
1
_a
Scipione
697
_a
*LITERATURA INFANTO JUVENIL
942
_c
BK
999
_c
151822
_d
151822